000
00271pam a2200121 a 4500
020
_c
041
_h
082
_a
708
_b
GUP
245
_a
Filament
_h
Textual Documents
260
_a
[s.l]:
_b
Vadhera Art Gallery , Delhi,
_c
2008.
300
_a
100:
_b
paper.
930
_a
6996
999
_c
240786
_d
240786